F1 Season 1977 Race Winners - Statistics

General Stats
  • This quiz has been taken 9 times
  • The average score is 16 of 17
Answer Stats
Grand Prix Country Winner % Correct
Argentina South Africa Jody Scheckter
100%
Monaco South Africa Jody Scheckter
100%
Canada South Africa Jody Scheckter
100%
United States West United States Mario Andretti
100%
Spain United States Mario Andretti
100%
France United States Mario Andretti
100%
Italy United States Mario Andretti
100%
South Africa Austria Niki Lauda
100%
West Germany Austria Niki Lauda
100%
Netherlands Austria Niki Lauda
100%
Austria Australia Alan Jones
88%
Brazil Argentina Carlos Reutemann
88%
United Kingdom United Kingdom James Hunt
88%
United States United Kingdom James Hunt
88%
Japan United Kingdom James Hunt
88%
Sweden France Jacques Laffite
75%
Belgium Sweden Gunnar Nilsson
63%
No matching quizzes found
Score Distribution
Percent of People with Each Score
Percentile by Number Answered
Your Score History
You have not taken this quiz